00676nam a22001937a 4500999001900000005001700019010001500036020001000051035001400061037001300075082000800088100002000096245006500116260004400181270009100225300002800316942002200344952011600366 c194963d19496320230203105126.0 aENG-136113 c60.00 aEN-119645 bDBAD/PUB a270 aKazi, Mazhar U. aFamily Life And Social Obligations In Islam/cMazhar U. Kazi aNew DelhibMarkazi Maktaba Islamic2005 aD-307, Abul Fazl Enclave, Jamia Nagar OkhlabNew Delhie110025mmmipub@nda.vsnl.net.in a148p.bIndexc21cm(pbk) 2ddccENh270mKAZ 001040708NFICaPRbPRd2023-02-03eDBAD/PUBg60.00l0o270 KAZpEN-119645r2023-02-03 00:00:00t1v60.00yEN